[Event "ARG-ch"]
[Site "Buenos Aires"]
[Date "1998.04.26"]
[Round "10"]
[White "Giaccio, Alfredo Gustavo"]
[Black "Malbran, Guillermo"]
[Result "0-1"]
[WhiteElo "2460"]
[BlackElo "2355"]
[Annotator "Finkel,A"]
[PlyCount "82"]
[EventDate "1998.04.15"]
[EventType "tourn"]
[EventRounds "15"]
[EventCountry "ARG"]
[EventCategory "9"]
[SourceTitle "CBM 065"]
[Source "ChessBase"]
[SourceDate "1998.08.06"]
[SourceVersion "1"]
[SourceVersionDate "1998.08.06"]
[SourceQuality "1"]

{[%mdl 10288]} 1. e4 Nf6 2. e5 Nd5 3. d4 d6 4. c4 Nb6 5. exd6 exd6 6. Nc3 Be7
7. h3 O-O 8. Bd3 (8. Nf3 c6 $6 9. Bd3 d5 10. cxd5 Nxd5 11. O-O Be6 12. Re1 Nd7
13. a3 Re8 14. Qc2 Nf8 15. Bd2 $14 {Kuczynski,R-Appel,R/BL9697 1997 (40)}) 8...
Re8 (8... Bf6 $5 9. Nge2 Nc6 10. O-O Nxd4 11. Nxd4 Bxd4 12. Bxh7+ Kxh7 13. Qxd4
Bf5 14. b3 Re8 15. Be3 $14 {Hendriks,R-Etmans,M/Dieren op 1997 (28)}) 9. Nge2
Nc6 (9... Na6 $6 10. O-O c6 11. Ng3 g6 12. Re1 Nc7 13. Bh6 Be6 14. b3 f5 15.
Qd2 $14 {Benjamin,J-Elsness,F/Erevan olm 1996 (40)}) 10. O-O Bf6 (10... Nb4 11.
Bb1 Nxc4 $2 12. a3 Nc6 13. Qd3 $18 {[%cal Gd3c4,Gd3h7]}) 11. Bb1 (11. Be3 $6 d5
12. c5 Nc4 13. Bxc4 dxc4 14. d5 Nb4 15. Nf4 Bf5 $13) (11. Bc2 g6 $5 12. b3 Bg7
13. Be3 Ne7 14. Ng3 d5 15. c5 Nd7 16. Qd2 $14 {Gomez Baillo,J-Malbran,G/Boca
Juniors, Buenos Aires ARG 1998 (22)}) 11... g6 $5 {Good positional decision
permitting black to equalize.} 12. b3 Bg7 13. Be3 (13. d5 $6 Rxe2 $1 14. Nxe2
Bxa1 15. dxc6 bxc6 $15) 13... Ne7 14. Qd2 (14. g4 $6 h5 $1 15. Nf4 (15. gxh5 $6
Bxh3 16. Re1 gxh5 17. Nf4 Bg4 18. f3 Nf5 $1 $17) 15... hxg4 16. hxg4 Qd7 17. f3
Nf5 $1 18. gxf5 $1 Rxe3 19. Ncd5 Nxd5 20. Nxd5 Re8 $36) 14... Bf5 $11 15. g4 $5
{[%csl Re7]} Bxb1 16. Raxb1 d5 17. c5 {Deserved atttention} (17. Qd3 $5 c6 (
17... Qd7 18. c5 Nbc8 19. b4 a6 20. a4 f5 21. f3 $14) 18. c5 Nd7 19. b4 f5 20.
f3 Nf6 21. a4 $13 {with complicated position with slightly better prospects
for white.}) 17... Nd7 18. Ng3 $6 {Missing black's reply after which white's
position becomes quiet dangerous.} Nxc5 19. f4 $2 {This move deserves two
question marks,because now white not only remains without the pawn,but in
addition to this his position turns into ruins!After obvious} (19. dxc5 d4 20.
Bxd4 Qxd4 (20... Bxd4 21. Rbd1 Nc6 22. Qf4 Qf6 23. Qxf6 Bxf6 24. Nd5 $11) 21.
Qxd4 Bxd4 22. Nb5 Be5 23. f4 a6 $15 {black's chanses are only slightly better.}
) 19... f5 $17 {[%csl Re3]} 20. Rbd1 (20. dxc5 d4 21. Nce2 dxe3 22. Qxe3 Nd5
23. Qf3 Re3 24. Qg2 Qd7 $17) 20... Ne4 21. Ncxe4 dxe4 22. gxf5 Nxf5 23. Nxf5
gxf5 $19 {The arising position is absolutely hopeless for white.He tries to
put up some resistanse,but it can't influence the result of the game.} 24. d5
h6 $5 {[%cal Gg8h7,Ge8g8,Gd8h4]} 25. Kh2 Kh7 26. Rg1 Rg8 27. Qe2 Qd7 28. d6 $6
{Giving up another pawn searching for counterplay.} cxd6 29. Qh5 Bh8 30. Rg5 $5
Rxg5 31. fxg5 Be5+ 32. Kh1 Qg7 33. gxh6 (33. Rc1 $5 d5 (33... Rg8 $4 34. Rc7 $1
$18) (33... f4 $5 34. gxh6 Qg3 35. Qf5+ Kh8 (35... Kxh6 36. Rg1 Qf3+ 37. Rg2
$11) 36. Rc8+ Rxc8 37. Qxc8+ Qg8 $19) 34. gxh6 Qg6 35. Qh4 Qg3 $19) 33... Qg6
34. Qh4 Qg3 $1 35. Qxg3 Bxg3 36. Bg5 Rg8 37. h4 Rxg5 $5 38. hxg5 e3 39. g6+
Kxg6 40. h7 e2 41. h8=N+ Kg7 0-1

[Event "ARG-ch"]
[Site "Buenos Aires"]
[Date "1998.04.23"]
[Round "8"]
[White "Alonso, Salvador"]
[Black "Malbran, Guillermo"]
[Result "0-1"]
[WhiteElo "2390"]
[BlackElo "2355"]
[Annotator "Finkel,A"]
[PlyCount "82"]
[EventDate "1998.04.15"]
[EventType "tourn"]
[EventRounds "15"]
[EventCountry "ARG"]
[EventCategory "9"]
[SourceTitle "CBM 065"]
[Source "ChessBase"]
[SourceDate "1998.08.06"]
[SourceVersion "1"]
[SourceVersionDate "1998.08.06"]
[SourceQuality "1"]

{[%mdl 10352]} 1. e4 Nf6 2. e5 Nd5 3. c4 Nb6 4. d4 d6 5. exd6 exd6 6. Nc3 Be7
7. Qf3 O-O (7... Qd7 $5 8. Be3 Na4 $6 9. Nd5 O-O 10. b3 Nb6 11. Nxe7+ Qxe7 12.
Bd3 $14 {Saltaev,M-Marinkovic,I/Ikaria op 1994/1/2-1/2 (72)}) 8. Be3 Bg5 (8...
c6 $5 9. Nh3 $5 (9. Bd3 d5 10. c5 $6 (10. cxd5 Nxd5 11. Nge2 Be6 12. O-O Nd7
13. Ng3 g6 14. h3 N7b6 $13 {Galyas,M-Bagirov,R/EU-chJM U18 1996 (27)}) 10...
Nc4 11. Bc1 b6 12. b3 Na5 13. cxb6 axb6 14. Bb2 Ba6 $15 {Grosar,K-Raspor,G/
Portoroz 1996 (40)}) (9. O-O-O d5 10. c5 N6d7 11. g4 b6 12. cxb6 axb6 13. Bd3
b5 14. a3 Na6 $36 {Lakos,N-Zhukova,N/Erevan olw 1996 (29)}) 9... Na6 10. Nf4
Nb4 11. O-O-O d5 12. a3 a5 $5 13. c5 Nc4 14. axb4 axb4 15. Nb1 Bf5 $44 {
Berzinsh,R-Stavrinov,A/LAT-ch 1993 (33)}) (8... Nc6 9. O-O-O Be6 10. c5 $5 (10.
b3 Qc8 11. h3 a5 {1/2-1/2 Seul,G-Horvath,J/Budapest FS10 GM 1995}) 10... Nc4 (
10... Nc8 11. d5 Ne5 12. Qe4 Bg4 13. f3 Bh5 14. h4 f5 15. Qb4 $13 {Goeke,
B-Peter,F/Hessenliga 9596 1996 (41)}) (10... Nd7 $6 11. d5 Nce5 12. Qe2 Bf5 13.
h3 Nf6 14. g4 Bc8 15. g5 $36 {Sandu,M-Grunberg,S/ROM-chT 1996 (33)}) 11. Bf4
Qc8 (11... Bf6 $2 12. d5 N4e5 13. Qe2 Ng6 14. Be3 Bxc3 15. bxc3 Qf6 16. dxe6
$18 {Leyva,R-Medina,M/CUB-ch 1993 (22)}) 12. Qg3 N6a5 13. b3 $6 Na3 14. cxd6 $6
cxd6 15. Kb2 b5 $40 {[%csl Rb2] Buenermann,V-Waechtler,F/NRW-II 1994 (33)}) 9.
Bd3 (9. O-O-O c6 (9... Nc6 $6 10. h4 (10. Bd3 Nb4 11. b3 Nxd3+ 12. Rxd3 Qf6 13.
Bxg5 Qxg5+ 14. Re3 Qg4 $11 {Popescu,D-Jiroveanu,G/ROM-chT 1996/1/2-1/2 (45)})
10... Bxe3+ 11. fxe3 Be6 $6 (11... Nd7 $6 12. g4 Re8 13. g5 Nf8 14. Nh3 Qd7 15.
Nf4 $16 {Zimmermann,F-Goeke,B/OLO-C 1995 (27)}) 12. c5 Qc8 13. Be2 Nc4 14. d5
N6e5 15. Qf4 Bg4 16. Bxc4 $16) 10. Bd3 Be6 11. b3 a5 12. Qe4 Bxe3+ 13. fxe3 g6
14. Nf3 a4 $132) 9... Bxe3 10. fxe3 Nc6 11. b3 (11. Nge2 $6 Nb4) 11... Qh4+ 12.
g3 Qh6 {[%csl Re3] Intending to put some pressure on weak pawn e3.} 13. Nge2
Re8 14. Kf2 Bd7 15. Rae1 Nb4 $6 ({Interesting possibiity was} 15... Re6 $5 16.
Nf4 Rf6 17. Ne4 Rf5 18. g4 $5 (18. Nc3 Rf6 19. Ne4 $11) 18... Qh4+ (18... Ra5
19. h4 Rxa2+ 20. Kg3 $18 {[%csl Rh6]}) 19. Qg3 Qxg3+ 20. Kxg3 Ra5 21. Nc3 $14 {
[%csl Ra5] with complicated position.}) 16. Bb1 Bc6 17. d5 Bd7 18. h4 $36 f5 $8
{Otherwise after 19.g4 black is in troubles.} 19. Nf4 a5 20. e4 fxe4 21. Nxe4
Bf5 $6 22. Nxd6 $1 cxd6 (22... Rxe1 23. Nxf5 $18) 23. Bxf5 $16 Nxa2 24. Be6+ $5
(24. Rxe8+ $5 Rxe8 25. Ra1 Nb4 26. Be6+ $1 Kh8 27. Rxa5 Qf6 28. Rb5 Qd4+ 29.
Qe3 $18) 24... Kh8 25. Qe3 {Missing nice possibility} (25. g4 $1 Qf6 26. g5
Qd4+ 27. Kg3 a4 28. Ng6+ $3 {[%csl Rh8]} hxg6 29. h5 $18) 25... Nc8 26. g4 Qf6
27. Kg2 Qc3 28. Qe2 $6 (28. h5 $5 Qxe3 29. Rxe3 h6 $8 30. Rf1 Nb6 31. Ng6+ Kh7
32. Rf7 $18) 28... Nb4 29. h5 h6 30. Rc1 $6 {White loses a thread and his
position deteriorates very quickly.} (30. Ng6+ $5 Kh7 31. Qe4 Qc2+ 32. Qxc2
Nxc2 33. Re4 $16) 30... Qxb3 31. Ng6+ Kh7 32. Rcd1 $6 Nb6 33. Rhf1 Nxc4 {
[%csl Re3]} 34. Qe4 Qc2+ 35. Qxc2 Nxc2 $19 {Black has to passed pawns on the
queenside and about to win an exchange.White is helpless.} 36. Kh3 N2e3 37.
Rde1 Nxf1 38. Rxf1 a4 39. Rf7 Ne3 40. Rf3 a3 41. Rxe3 a2 0-1

[Event "Sigeman & Co 09th"]
[Site "Malmo"]
[Date "2001.06.15"]
[Round "4"]
[White "Timman, Jan H"]
[Black "De Firmian, Nick E"]
[Result "1-0"]
[WhiteElo "2620"]
[BlackElo "2545"]
[Annotator "Finkel,A"]
[PlyCount "80"]
[EventDate "2001.06.12"]
[EventType "tourn"]
[EventRounds "9"]
[EventCountry "SWE"]
[EventCategory "13"]
[SourceTitle "CBM 084"]
[Source "ChessBase"]
[SourceDate "2001.09.13"]
[SourceVersion "1"]
[SourceVersionDate "2001.09.13"]
[SourceQuality "1"]

1. e4 Nf6 2. e5 Nd5 3. d4 d6 4. c4 Nb6 5. f4 $5 dxe5 6. fxe5 Bf5 7. Nc3 e6 8.
Nf3 Nc6 9. Be3 Bg4 10. Be2 Bxf3 11. gxf3 Qh4+ 12. Bf2 Qf4 13. c5 {This
variation doesn't promise white anything special, but black has to defend till
the end of the game.} (13. Qc1 Qxc1+ 14. Rxc1 O-O-O 15. Rd1 (15. c5 Nd7 16. f4
Ne7 17. Bf3 Nb8 18. O-O Nbc6 19. Rfd1 Nb4 20. Bh4 $14 {Murey,J-Bagirov,V/
Belgrade 1988/CBM 10}) 15... g6 (15... Be7 16. f4 g5 17. c5 Nd5 18. Nxd5 Rxd5
19. Bh5 f6 20. Bg4 f5 21. Be2 Rdd8 22. Bc4 $14 {Bottema,T-Visser,Y/Dieren 1988/
TD}) 16. a3 Bh6 17. b4 Rd7 18. Ne4 Rhd8 19. c5 Nd5 20. b5 $36 {Valvo,M-Alburt,
L/Philadelphia 1988/EXT 97}) 13... Nd5 14. Nxd5 exd5 15. Qd2 (15. Qc1 Qxc1+ 16.
Rxc1 Be7 17. Rg1 g5 18. Bd3 O-O-O 19. a3 Rdf8 20. Bf5+ Kb8 21. b4 $14 {Mrva,
M-Vykydal,F/Bratislava 1991/EXT 97}) 15... Qxd2+ (15... Qf5 16. Rg1 f6 $6 17.
f4 h5 $6 18. Bd3 Qh3 19. Bg6+ Kd8 20. O-O-O $16 {Kaugars,A-Levy,D/California
1993/EXT 2001}) 16. Kxd2 g6 (16... Be7 17. f4 f5 (17... f6 18. Kc3 h5 19. Rhg1
Kf7 20. Rg2 Rag8 21. Bf3 $16 {Anderson,R-Lambert,G/California 1993/EXT 2001})
18. Bf3 Rd8 19. Rhg1 g6 20. b4 Kf7 21. b5 Na5 22. Be2 Rhg8 23. h4 Ke6 24. Kc3
$14 {Nokso Koivisto,A-Raaste,E/FIN-chT 1994/EXT 98}) 17. f4 Bh6 18. Be3 Ne7 19.
Bd3 Nf5 ({Nothing changes} 19... Kd7 20. Rhg1 Rag8 21. Rg3 Nf5 22. Bxf5+ gxf5
23. b4 {and we get position from the game.}) 20. Bxf5 gxf5 21. Rhg1 Kd7 22. Rg3
Rag8 23. b4 Rg6 $6 {Giving white some chanses. After} (23... Rxg3 $5 24. hxg3
Bf8 25. b5 h5 26. Bf2 Be7 27. Rh1 Ke6 $14 {[%cal Gf7f6] black is very close to
the equality.}) 24. Ke2 Bf8 (24... Rhg8 25. Kf3 c6 26. a4 a6 27. Rb1 $14) 25.
Rg5 Ke6 $6 (25... Rxg5 26. fxg5 h6 $1 27. h4 (27. gxh6 Bxh6 28. Bxh6 Rxh6 29.
Rh1 Rh4 $15) 27... h5 $1 (27... hxg5 28. Bxg5 Ke6 29. Kf3 Rh5 30. b5 $14) 28.
b5 Be7 29. a4 Ra8 $11) 26. Rh5 h6 27. b5 Be7 28. a4 Ra8 29. Rb1 Bf8 (29... Bd8
$6 30. Rg1 $1 {[%csl Rh6]}) 30. Kf3 {[%csl Gg2]} Rb8 31. Bd2 $1 Be7 32. Be1 Bf8
$6 (32... Rbg8 33. c6 b6 34. a5 f6 $132) 33. Ba5 $5 b6 (33... Rc8 $5) 34. Bb4
bxc5 35. dxc5 a6 36. bxa6 Bxc5 $6 (36... Ra8 $14) 37. Bxc5 Rxb1 38. a7 Rb3+ (
38... Rg8 39. Rxh6+ Kd7 40. Ra6 (40. Rf6 Rb3+ 41. Kf2 Rb2+ 42. Ke3 Rxh2 43.
Rxf7+ Kc6 $132) 40... Ra8 41. Rf6 Rb3+ 42. Ke2 Rb2+ 43. Kd3 Rxh2 44. Rxf7+ Kc6
45. Be3 $14) 39. Kf2 Rb2+ 40. Ke3 Rgg2 $4 (40... Rg8) 1-0

[Event "Sigeman & Co 09th"]
[Site "Malmo"]
[Date "2001.06.13"]
[Round "2"]
[White "Berg, Emanuel"]
[Black "De Firmian, Nick E"]
[Result "1-0"]
[WhiteElo "2474"]
[BlackElo "2545"]
[Annotator "Finkel,A"]
[PlyCount "93"]
[EventDate "2001.06.12"]
[EventType "tourn"]
[EventRounds "9"]
[EventCountry "SWE"]
[EventCategory "13"]
[SourceTitle "CBM 084"]
[Source "ChessBase"]
[SourceDate "2001.09.13"]
[SourceVersion "1"]
[SourceVersionDate "2001.09.13"]
[SourceQuality "1"]

1. e4 Nf6 2. e5 Nd5 3. d4 d6 4. c4 Nb6 5. exd6 exd6 6. Nc3 Be7 7. Qf3 $5 {
Very sharp continuation, promising black very good counterchanses.} O-O (7...
Qd7 $5 8. Be3 Na4 $6 9. Nd5 O-O 10. b3 Nb6 11. Nxe7+ Qxe7 12. Bd3 $14 {Saltaev,
M-Marinkovic,I/Ikaria op 1994/1/2-1/2 (72)}) 8. Bd3 $5 (8. Be3 c6 (8... Bg5 9.
Bd3 (9. O-O-O Nc6 $6 10. h4 (10. Bd3 Nb4 11. b3 Nxd3+ 12. Rxd3 Qf6 13. Bxg5
Qxg5+ 14. Re3 Qg4 $11 {Popescu,D-Jiroveanu,G/ROM-chT 1996/1/2-1/2 (45)}) 10...
Bxe3+ 11. fxe3 Nd7 $6 12. g4 Re8 13. g5 Nf8 14. Nh3 Qd7 15. Nf4 $16 {
Zimmermann,F-Goeke,B/OLO-C 1995 (27)}) 9... Bxe3 10. fxe3 Nc6 11. b3 (11. Nge2
$6 Nb4) 11... Qh4+ 12. g3 Qh6 {[%csl Re3]} 13. Nge2 Re8 14. Kf2 $14 {Alonso,
S-Malbran,G/Buenos Aires 1998/CBM 65}) (8... Nc6 9. O-O-O Be6 (9... Re8 10. Nh3
Nd7 11. Nf4 Nf6 12. h3 Bf8 13. g4 $14 {Iglesias,J-Serrano Aspa,P/Barcelona
2000/EXT 2001}) (9... Bg5 10. Nh3 Bxe3+ 11. fxe3 Be6 12. c5 Nd7 13. cxd6 cxd6
14. Nf4 Qa5 15. Nxe6 fxe6 16. Qh3 $14 {Blauert,J-Hetey,L/Dortmund 1995/CBM 48
ext}) 10. c5 $5 (10. b3 Qc8 11. h3 a5 {1/2-1/2 Seul,G-Horvath,J/Budapest FS10
GM 1995}) 10... Nc4 (10... Nc8 11. d5 Ne5 12. Qe4 Bg4 13. f3 Bh5 14. h4 f5 15.
Qb4 $13 {Goeke,B-Peter,F/Hessenliga 9596 1996 (41)}) (10... Nd7 $6 11. d5 Nce5
12. Qe2 Bf5 13. h3 Nf6 14. g4 Bc8 15. g5 $36 {Sandu,M-Grunberg,S/ROM-chT 1996 
(33)}) 11. Bf4 Qc8 (11... Bf6 $2 12. d5 N4e5 13. Qe2 Ng6 14. Be3 Bxc3 15. bxc3
Qf6 16. dxe6 $18 {Leyva,R-Medina,M/CUB-ch 1993 (22)}) 12. Qg3 N6a5 13. b3 $6
Na3 14. cxd6 $6 cxd6 15. Kb2 b5 $40 {[%csl Rb2] Buenermann,V-Waechtler,F/
NRW-II 1994 (33)}) 9. O-O-O (9. Bd3 d5 10. c5 $6 (10. cxd5 Nxd5 11. Nge2 Be6
12. O-O Nd7 13. Ng3 g6 14. h3 N7b6 $13 {Galyas,M-Bagirov,R/EU-chJM U18 1996 
(27)}) 10... Nc4 11. Bc1 b6 12. b3 Na5 13. cxb6 axb6 14. Bb2 Ba6 $15 {Grosar,
K-Raspor,G/Portoroz 1996 (40)}) 9... d5 10. c5 N6d7 11. g4 b6 12. cxb6 axb6 13.
Bd3 b5 14. a3 Na6 15. Nge2 b4 $36 {Lakos,N-Zhukova,N/Yerevan 1996/EXT 97}) 8...
c6 (8... Nc6 9. Nge2 Nb4 10. Bb1 Re8 (10... Nxc4 11. a3 Nc6 12. Qd3 $18 {
[%cal Gd3c4,Gd3h7]}) 11. a3 Nc6 12. O-O $14) 9. Nge2 d5 10. c5 N6d7 11. Bc2 $5
Re8 (11... b6 $2 12. Nxd5 $1 {[%csl Ra8]} cxd5 13. Qxd5 Nc6 14. Qxc6 Rb8 15.
Qf3 $16) 12. g4 Nf8 13. h4 b6 (13... Bxh4 $5 14. Qh3 g5 15. Be3 $44) 14. Be3
bxc5 15. O-O-O $1 $36 {White is ready to attack the black king, but black
pieces are well placed and it's not so easy for white to create something.}
Nbd7 16. g5 $5 Bd6 (16... Ba6 17. Rdg1 Bxe2 18. Nxe2 Ne6 19. g6 $1 $40 {
[%csl Rg8][%cal Gh4h5]}) 17. h5 cxd4 18. Nxd4 Ne5 19. Qg2 Bd7 (19... c5 $2 {
[%csl Rd5]} 20. Ndb5 $1 Bg4 21. Qxd5 $1 Bxd1 22. Rxd1 {[%cal Gd1d8]} Bc7 23.
Qb7 $18) 20. g6 hxg6 (20... fxg6 $5 21. hxg6 (21. Bg5 Be7 22. Bxe7 Qxe7 23. f4
Ng4 24. hxg6 Qe3+ 25. Rd2 Nxg6 $17) 21... Nexg6 22. Nxd5 Nh4 23. Rxh4 Qxh4 24.
Rh1 Qg4 $19) 21. Bg5 Qb8 (21... f6 $5) 22. hxg6 Nexg6 23. Nde2 Nf4 $5 24. Qf3
Nxe2+ 25. Nxe2 Be5 26. Nd4 f5 $2 {Black doesn't stand the pressure ad makes
mistake permitting white to create serious threats.} (26... c5 $1 27. Qh5 $5 f6
(27... g6 28. Qh4 {[%csl Gf6,Rg8]} cxd4 29. Bf6 $1 Bxf6 30. Qxf6 Nh7 31. Rxh7
Kxh7 32. Rh1+ Kg8 33. Rh8#) 28. Bh7+ (28. Qh8+ Kf7 29. Qh5+ Ke7 $19) 28... Nxh7
29. Qxh7+ Kf7 30. Bh6 Bf4+ 31. Kb1 Bxh6 32. Rxh6 cxd4 33. Qg6+ Ke6 34. Qxg7 Qe5
$19) 27. Qh3 $132 {[%csl Rg7][%cal Gh3h8,Gd1g1]} Bf4+ 28. Bxf4 Qxf4+ 29. Kb1
Re5 30. Rdg1 Kf7 (30... Qxd4 31. Qh8+ Kf7 32. Qxg7+ Ke8 33. Re1 $1 $18 {
[%csl Rd4]}) 31. Qh8 Ng6 $2 (31... g6 $5 32. Rh7+ (32. Nf3 Ree8 33. Ng5+ Ke7
$15) (32. Rh4 Qxf2 33. Rh7+ Nxh7 34. Qxh7+ Kf8 35. Qh8+ Kf7 $11) 32... Nxh7 33.
Qxh7+ Kf8 34. Qxg6 Ke7 35. Nxc6+ Bxc6 36. Qxc6 Rg8 $1 $13 {[%csl Rb1]}) 32. Qh7
Re1+ $8 (32... Qxd4 33. Qxg6+ Ke7 34. Qxg7+ Kd6 35. Rg6+ Kc7 36. Bxf5 $1 Rd8
37. Rg4 $1 $18) 33. Rxe1 Qxd4 34. Rhg1 Qf6 35. Rxg6 $1 Qxg6 36. Re7+ Kf6 37.
Qh4+ Qg5 38. Rf7+ Kxf7 39. Qxg5 $18 g6 40. Qh6 Rg8 41. f4 Be6 42. Qh7+ Rg7 43.
Qh4 c5 44. Qd8 c4 45. Ba4 Rg8 46. Qc7+ Kf6 47. Bd7 1-0

[Event "EU-ch 2nd"]
[Site "Ohrid"]
[Date "2001.06.04"]
[Round "4"]
[White "Mitkov, Nikola"]
[Black "Gausel, Einar"]
[Result "1-0"]
[WhiteElo "2578"]
[BlackElo "2480"]
[Annotator "Finkel,A"]
[PlyCount "103"]
[EventDate "2001.06.01"]
[EventType "swiss"]
[EventRounds "13"]
[EventCountry "YUG"]
[SourceTitle "CBM 084"]
[Source "ChessBase"]
[SourceDate "2001.09.13"]
[SourceVersion "1"]
[SourceVersionDate "2001.09.13"]
[SourceQuality "1"]

1. e4 Nf6 2. e5 Nd5 3. d4 d6 4. c4 Nb6 5. exd6 exd6 6. Nc3 Be7 7. Be2 (7. Bd3
$5) (7. Bd3 $5) 7... O-O 8. Nf3 c6 (8... Bf6 9. O-O Bf5 10. Be3 Re8 11. Re1 Nc6
12. Rc1 Re7 13. Bg5 Bxg5 14. Nxg5 h6 $11 {Pohl,D-Marous,R/Svetla nad Sazavou
1998/EXT 2000}) (8... Bg4 9. O-O (9. h3 Bh5 10. O-O c6 (10... Nc6 11. g3 $6 (
11. b3 Bf6 12. Be3 d5 13. c5 Nc8 14. b4 Bxf3 15. Bxf3 N8e7 16. b5 Na5 17. Qd3
c6 $13 {Kuczynski,R-Tomaszewski,R/Rubinstein mem 1987}) 11... Bf6 12. Be3 Re8
13. Qd2 h6 14. Rfe1 d5 15. c5 Nc8 16. b4 a6 17. Rab1 N8e7 $13 {Hunt,H-Sedina,E/
Erevan olw 1996}) 11. b3 $5 a5 12. Bf4 d5 13. c5 N6d7 14. Na4 Re8 15. Qd2 Bf6
16. Rfe1 $14 {Velicka,P-Sergeev,V/Trinec op9798}) 9... Nc6 (9... c5 10. Be3 Nc6
11. b3 f5 $132 {Dvoirys,S-Zilberman,Y/Dieren 2000/CBM 77 ext}) 10. b3 Re8 (
10... Bf6 11. Be3 d5 12. c5 Nc8 13. h3 Be6 14. Ne1 b6 15. Na4 $14 {Marciano,
D-Baburin,A/Germany 1999/CBM 73 ext}) 11. h3 (11. Be3 Bf6 12. Rc1 h6 13. Qd2
Qd7 14. Rfd1 Rad8 15. h3 Bf5 $132 {Contreras,H-Szmetan,J/Cali 1999/CBM 74 ext})
11... Bh5 12. Be3 Bf6 13. Qd2 Bg6 (13... d5 14. c5 Nc8 15. g4 Bg6 16. Bb5 Qd7
17. Nh2 a6 18. Bxc6 Qxc6 19. f4 {1/2-1/2 Kuczynski,R-Gazik,I/Budapest zt-B 1993
}) 14. d5 (14. Rac1 h6 15. d5 Ne7 16. Nd4 Nf5 17. Nxf5 Bxf5 18. Nb5 Nd7 $11 {
Marciano,D-Giffard,N/Cannes 2000/CBM 76}) (14. a4 $6 a5 15. Rac1 Nb4 16. Rfd1
c6 17. Na2 Nxa2 18. Qxa2 d5 19. c5 Nd7 $13 {Hendriks,R-De Waal,M/Computerij op
1998}) 14... Nb4 15. Rac1 Na6 16. Nh2 Nc5 17. Ng4 $14 {Zulfugaryi,M-Mirzoev,A/
AZE 1999/EXT 2001}) 9. h3 {This calm variation is quiet poisonous one and
black has to be very careful not to get into the troubles} Re8 (9... Bf5 10.
O-O N8d7 11. Re1 Nf6 12. Bd3 Bg6 13. Bxg6 hxg6 14. Qd3 Re8 15. Bg5 Qc7 16. b3
Bf8 17. Rxe8 Rxe8 18. Re1 Qd7 19. Rxe8 {1/2-1/2 Vujosevic,V-Marinkovic,I/
Cetinje 1990/EXT 97 (19)}) 10. O-O Bf5 11. Bf4 Na6 (11... d5 12. c5 N6d7 13. b4
Nf6 14. Qb3 Ne4 $13) 12. Qd2 Nc7 13. b3 Ne6 14. Bh2 Bf6 15. Rfe1 Bg6 (15... Qd7
16. Bf1 Rad8 17. Rad1 h6 (17... d5 18. c5 Nc8 19. Ne5 $14) 18. a4 (18. d5 Bxc3
19. Qxc3 cxd5 20. cxd5 Nc7 $132) 18... c5 19. a5 {[%cal Gd2d7]} cxd4 20. Nb5
$14) 16. Bf1 Bh5 $6 {White position is slightly better,but with careless play
black permits white to increase his advantage.} 17. g4 Bg6 18. Rad1 h6 19. Bg2
a5 $6 20. d5 $1 $14 {White pieces take ideal positions, so this move is just
on time.} Bxc3 $8 (20... cxd5 21. Nxd5 Nxd5 22. Qxd5 $16 {[%csl Rb7,Rd6]}) 21.
Qxc3 cxd5 22. cxd5 Nc7 (22... Qc7 23. Qe3 $1 {[%cal Ge1e8]} (23. Qxc7 Nxc7 24.
Bxd6 Ncxd5 25. Ne5 Nc3 26. Ra1 $14) 23... Nf8 24. Qxe8 Rxe8 25. Rxe8 $16) 23.
Rxe8+ Nxe8 24. Nd4 Nf6 (24... a4 25. Nb5 Rc8 26. Qb4 axb3 27. axb3 $16 {
[%csl Rd6]}) 25. Nb5 Be4 (25... Nc8 26. Re1 $16) 26. Bxe4 (26. Nxd6 $5 Bxg2 (
26... Nbxd5 27. Nxe4 $1 {[%cal Gd1d8]} Nxc3 28. Rxd8+ Rxd8 29. Nxc3 $16) 27.
Kxg2 Nbxd5 (27... Nfxd5 28. Qf3 Qf6 29. Qxf6 Nxf6 30. Nxb7 $18) 28. Qf3 $18)
26... Nxe4 27. Qe3 Nf6 28. Nxd6 Nfxd5 29. Qf3 $1 $18 {[%csl Rb7][%cal Gd1d8]}
Qf6 30. Qxf6 Nxf6 31. Nxb7 Nfd5 (31... a4 32. Rd8+ Rxd8 33. Nxd8 axb3 34. axb3
$18) 32. a4 $1 {[%csl Ra5] Now the pawn on a5 becomes a target for white
pieces.} Ra7 33. Nd8 {[%cal Gd8c6]} Nb4 34. Rd6 N6d5 35. Nc6 Ra6 (35... Nxc6
36. Rxc6 Rb7 37. Rc5 Nf6 38. Rb5 Rxb5 39. axb5 Nd5 40. b6 Nxb6 41. Bc7 Nd5 42.
Bxa5 $18) 36. Nxb4 Nxb4 37. Rxa6 Nxa6 38. Bd6 $1 {[%csl Ra6]} f5 39. gxf5 Kf7
40. Kf1 Kf6 41. Ke2 Kxf5 42. Kd3 Ke6 43. Bf8 Kd5 (43... Kf7 44. Ba3 Ke6 45. Kc4
Nc7 46. Bb2 $18 {[%cal Gb2c3,Gc3a5]}) 44. Bxg7 Nc5+ 45. Kc2 h5 46. Bc3 Ne4 47.
f4 h4 48. Be1 Ng3 49. Kd3 Nh5 50. Ke3 Ng7 51. Bxa5 Nf5+ 52. Kd3 1-0